[Event "Sterlitamak Rochinskiy op"]
[Site "Sterlitamak"]
[Date "2012.06.23"]
[Round "2"]
[White "Butorin, Andrey"]
[Black "Balakhontsev, Evgeny"]
[Result "1-0"]
[WhiteElo "2065"]
[BlackElo "1871"]
[PlyCount "87"]
[EventDate "2012.06.22"]
[EventType "swiss"]
[EventRounds "9"]
[EventCountry "RUS"]
[SourceTitle "EXT 2013"]
[Source "ChessBase"]
[SourceDate "2012.11.22"]
[SourceVersion "1"]
[SourceVersionDate "2012.11.22"]
[SourceQuality "1"]

1. e4 c5 2. Nc3 e6 3. g3 g6 4. Bg2 Bg7 5. d3 Ne7 6. Bg5 Nbc6 7. Nf3 0-0 8. Qd2 d5 9. exd5 exd5 10. 0-0 Be6 11. a3 Qd7 12. Nh4 f6 13. Bh6 Nd4 14. Bxg7 Kxg7 15. Nf3 Nec6 16. Nxd4 Nxd4 17. Rae1 Rae8 18. Ne2 Nxe2+ 19. Rxe2 Bg4 20. Rxe8 Rxe8 21. Re1 Rxe1+ 22. Qxe1 b6 23. f3 Be6 24. b3 Qd6 25. f4 Kf7 26. Qe3 c4 27. bxc4 dxc4 28. d4 Bf5 29. Qc3 b5 30. Qb2 a6 31. Bf3 h5 32. c3 Bd3 33. Kf2 Qe6 34. Qc1 Qh3 35. Bd5+ Kg7 36. Qh1 h4 37. Qg2 hxg3+ 38. hxg3 Qg4 39. Qf3 Qd7 40. Ba8 Bf5 41. Qb7 Kf7 42. Qxa6 Qe8 43. Bd5+ Kg7 44. Bc6 1-0